<?xml version="1.0" encoding="UTF-8"?>
<record
    xmlns:xsi="http://www.w3.org/2001/XMLSchema-instance"
    xsi:schemaLocation="http://www.loc.gov/MARC21/slim http://www.loc.gov/standards/marcxml/schema/MARC21slim.xsd"
    xmlns="http://www.loc.gov/MARC21/slim">

  <leader>01215pam a2200301 a 4500</leader>
  <controlfield tag="001">3452152</controlfield>
  <controlfield tag="003">NUST-PNEC</controlfield>
  <controlfield tag="005">20170116180711.0</controlfield>
  <controlfield tag="008">921224s1993    enka     b    001 0 eng  </controlfield>
  <datafield tag="010" ind1=" " ind2=" ">
    <subfield code="a">   92046676 </subfield>
  </datafield>
  <datafield tag="020" ind1=" " ind2=" ">
    <subfield code="a">0751400742 </subfield>
  </datafield>
  <datafield tag="040" ind1=" " ind2=" ">
    <subfield code="c">PNEC</subfield>
  </datafield>
  <datafield tag="050" ind1="0" ind2="0">
    <subfield code="a">TP1150</subfield>
    <subfield code="b">.C73 1993</subfield>
  </datafield>
  <datafield tag="082" ind1="0" ind2="0">
    <subfield code="a">668.423 CRA</subfield>
  </datafield>
  <datafield tag="100" ind1="1" ind2=" ">
    <subfield code="a">Cracknell, P. S.,</subfield>
    <subfield code="d">1962-</subfield>
  </datafield>
  <datafield tag="245" ind1="1" ind2="0">
    <subfield code="a">Handbook of thermoplastics injection mould design /</subfield>
    <subfield code="c">by P.S. Cracknell and R.W. Dyson.</subfield>
  </datafield>
  <datafield tag="250" ind1=" " ind2=" ">
    <subfield code="a">1st ed.</subfield>
  </datafield>
  <datafield tag="260" ind1=" " ind2=" ">
    <subfield code="a">London ;</subfield>
    <subfield code="a">New York :</subfield>
    <subfield code="b">Blackie Academic &amp; Professional,</subfield>
    <subfield code="c">1993.</subfield>
  </datafield>
  <datafield tag="300" ind1=" " ind2=" ">
    <subfield code="a">xii, 132 p. :</subfield>
    <subfield code="b">ill. ;</subfield>
    <subfield code="c">24 cm.</subfield>
  </datafield>
  <datafield tag="500" ind1=" " ind2=" ">
    <subfield code="a">http://www.amazon.fr/Handbook-Thermoplastics-Injection-Mould-Design/dp/9401572119/ref=sr_1_1?ie=UTF8&amp;qid=1413021464&amp;sr=8-1&amp;keywords=HANDBOOK+OF+THERMOPLASTIC+INJECTION+MOULD+DESIGN</subfield>
  </datafield>
  <datafield tag="504" ind1=" " ind2=" ">
    <subfield code="a">Includes bibliographical references (p. [127]) and index.</subfield>
  </datafield>
  <datafield tag="650" ind1=" " ind2="0">
    <subfield code="a">Injection molding of plastics.</subfield>
    <subfield code="x">ME, IME</subfield>
  </datafield>
  <datafield tag="690" ind1=" " ind2=" ">
    <subfield code="x">IME, ME</subfield>
  </datafield>
  <datafield tag="700" ind1="1" ind2=" ">
    <subfield code="a">Dyson, R. W.</subfield>
    <subfield code="q">(Robert William),</subfield>
    <subfield code="d">1942-</subfield>
  </datafield>
  <datafield tag="906" ind1=" " ind2=" ">
    <subfield code="a">7</subfield>
    <subfield code="b">cbc</subfield>
    <subfield code="c">orignew</subfield>
    <subfield code="d">1</subfield>
    <subfield code="e">ocip</subfield>
    <subfield code="f">19</subfield>
    <subfield code="g">y-gencatlg</subfield>
  </datafield>
  <datafield tag="942" ind1=" " ind2=" ">
    <subfield code="2">ddc</subfield>
    <subfield code="c">BK</subfield>
  </datafield>
  <datafield tag="999" ind1=" " ind2=" ">
    <subfield code="c">60979</subfield>
    <subfield code="d">60979</subfield>
  </datafield>
  <datafield tag="952" ind1=" " ind2=" ">
    <subfield code="0">0</subfield>
    <subfield code="1">0</subfield>
    <subfield code="2">ddc</subfield>
    <subfield code="4">0</subfield>
    <subfield code="7">0</subfield>
    <subfield code="a">PNEC</subfield>
    <subfield code="b">PNEC</subfield>
    <subfield code="c">REF</subfield>
    <subfield code="d">1997-02-06</subfield>
    <subfield code="e">Pak Book Company </subfield>
    <subfield code="g">2068.56</subfield>
    <subfield code="l">0</subfield>
    <subfield code="o">668.423 CRA</subfield>
    <subfield code="p">PNECLIB-019146</subfield>
    <subfield code="r">2014-10-11</subfield>
    <subfield code="v">2068.56</subfield>
    <subfield code="w">1997-02-06</subfield>
    <subfield code="y">BK</subfield>
  </datafield>
  <datafield tag="952" ind1=" " ind2=" ">
    <subfield code="0">0</subfield>
    <subfield code="1">0</subfield>
    <subfield code="2">ddc</subfield>
    <subfield code="4">0</subfield>
    <subfield code="7">0</subfield>
    <subfield code="a">PNEC</subfield>
    <subfield code="b">PNEC</subfield>
    <subfield code="c">REF</subfield>
    <subfield code="d">1997-06-06</subfield>
    <subfield code="e">Pak Book Corporation</subfield>
    <subfield code="g">2922.15</subfield>
    <subfield code="l">0</subfield>
    <subfield code="o">668.423 CRA</subfield>
    <subfield code="p">PNECLIB-019433</subfield>
    <subfield code="r">2014-10-17</subfield>
    <subfield code="v">2922.15</subfield>
    <subfield code="w">1997-06-06</subfield>
    <subfield code="y">BK</subfield>
  </datafield>
</record>
